Tính chất lý hóa học đất phù sa, đất giồng và đất ven biển ở Đồng Bằng Sông Cửu Long : Luận văn Thạc sĩ Khoa học Nông nghiệp. Chuyên ngành: Khoa học đất
Đánh giá các tính chất lý hóa học của đất phù sa, đất giồng và đất ven biển. Xác định mối tương quan đơn giữa một số tính chất hóa học đất và ước đoán CEC bằng tương quan đa biến.
Сохранить в:
| Главный автор: | |
|---|---|
| Формат: | |
| Язык: | Undetermined |
| Опубликовано: |
Cần Thơ
Trường đại học Cần Thơ
2010
|
| Предметы: | |
| Метки: |
Добавить метку
Нет меток, Требуется 1-ая метка записи!
|
| Thư viện lưu trữ: | Trung tâm Học liệu Trường Đại học Cần Thơ |
|---|
| LEADER | 01225nam a2200217Ia 4500 | ||
|---|---|---|---|
| 001 | CTU_163516 | ||
| 008 | 210402s9999 xx 000 0 und d | ||
| 082 | |a 631.4 | ||
| 082 | |b H107 | ||
| 088 | |a 60620103 | ||
| 100 | |a Ngô, Phạm Trúc Hạnh | ||
| 245 | 0 | |a Tính chất lý hóa học đất phù sa, đất giồng và đất ven biển ở Đồng Bằng Sông Cửu Long : | |
| 245 | 0 | |b Luận văn Thạc sĩ Khoa học Nông nghiệp. Chuyên ngành: Khoa học đất | |
| 245 | 0 | |c Ngô Phạm Trúc Hạnh ; Ngô Ngọc Hưng (Hướng dẫn Khoa học) | |
| 260 | |a Cần Thơ | ||
| 260 | |b Trường đại học Cần Thơ | ||
| 260 | |c 2010 | ||
| 520 | |a Đánh giá các tính chất lý hóa học của đất phù sa, đất giồng và đất ven biển. Xác định mối tương quan đơn giữa một số tính chất hóa học đất và ước đoán CEC bằng tương quan đa biến. | ||
| 650 | |a Soil chemistry,Soil physical chemistry,Hóa học đất,Tính chất lý hóa học đất | ||
| 904 | |i Năm | ||
| 980 | |a Trung tâm Học liệu Trường Đại học Cần Thơ | ||